Central Library OPAC University of Rajshahi

waves : (Record no. 56457)

MARC details
000 -LEADER
fixed length control field 00758nam a2200241 a 4500
001 - CONTROL NUMBER
control field 56457
003 - CONTROL NUMBER IDENTIFIER
rucl marc code BD-RjUL
005 - DATE AND TIME OF LATEST TRANSACTION
control field 20211209080410.0
008 - FIXED-LENGTH DATA ELEMENTS--GENERAL INFORMATION
fixed length control field 161129r19651955ny a b 000 0 eng
035 ## - SYSTEM CONTROL NUMBER
System control number (BD-RjUL)56581
040 ## - CATALOGING SOURCE
Original cataloging agency DLC
Transcribing agency DLC
Modifying agency DLC
Language of cataloging eng
041 ## - LANGUAGE CODE
Language code of text/sound track or separate title eng
082 00 - DEWEY DECIMAL CLASSIFICATION NUMBER
Classification number 531.1133
Edition number 23
Author mark and year COW 1965
100 ## - MAIN ENTRY--PERSONAL NAME
Personal name Coulson, C A
9 (RLIN) 167935
245 00 - TITLE STATEMENT
Title waves :
Remainder of title a mathematical account of the common types of wave motion /
Statement of responsibility, etc. C A Coulson
250 ## - EDITION STATEMENT
Edition statement 7th ed.
260 ## - PUBLICATION, DISTRIBUTION, ETC. (IMPRINT)
Place of publication, distribution, etc. New York :
Name of publisher, distributor, etc. Springer-Verlag,
Date of publication, distribution, etc. 1955[Reprinting 1965]
300 ## - PHYSICAL DESCRIPTION
Pagination x, 331 p. :
Illustrations ill. ;
Size 24 cm.
490 0# - SERIES STATEMENT
Series statement Topics in applied physics ; v. 24
504 ## - BIBLIOGRAPHY, ETC. NOTE
Bibliography, etc Includes bibliographical references and index.
650 #0 - SUBJECT ADDED ENTRY--TOPICAL TERM
Topical term or geographic name as entry element Acoustic surface waves.
9 (RLIN) 167923
942 ## - ADDED ENTRY ELEMENTS (KOHA)
Source of classification or shelving scheme Dewey Decimal Classification
Koha item type Books
Holdings
Lost status Source of classification or shelving scheme Damaged status Not for loan Collection code Permanent Location Current Location Shelving location Date acquired Source of acquisition Cost, normal purchase price Total Checkouts Full call number Date last seen Copy number Koha item type
  Dewey Decimal Classification     Non-fiction Central Library, University of Rajshahi Central Library, University of Rajshahi   06/04/1966 Zeitlinger 21.00   531.1133 COW 1965 29/11/2016 C-2 Books
  Dewey Decimal Classification     Non-fiction Central Library, University of Rajshahi Central Library, University of Rajshahi   06/04/1966 Zeitlinger 12.00   531.1133 COW 1965 29/11/2016 C-3 Books
  Dewey Decimal Classification     Non-fiction Central Library, University of Rajshahi Central Library, University of Rajshahi   06/04/1966 Zeitlinger 21.00   531.1133 COW 1965 29/11/2016 C-4 Books